Energy Sources - Statistics

General Stats
  • This quiz has been taken 8 times
  • The average score is 7 of 11
Answer Stats
Answer % Correct
Solar
100%
Wind
100%
Nuclear
83%
Oil
83%
Coal
67%
Natural Gas
67%
Hydroelectric
50%
Wave
50%
Biomass
33%
Tidal
33%
Geothermal
17%
No matching quizzes found
Score Distribution
Percent of People with Each Score
Percentile by Number Answered
Your Score History
You have not taken this quiz